Language Quiz

Random Language or Country Quiz

Countries by etymology Quiz Stats

 Plays Quiz not verified by Sporcle

Also try: Rhymes with 'Hard'
Challenge
Share
Tweet
Embed
Score 0/20 Timer 03:00
0 Plays Today
Etymology Country % Correct
Rich CoastCosta Rica
74.5%
(Land of) SilverArgentina
71.4%
Black MountainMontenegro
67.3%
Little VeniceVenezuela
66.3%
Southern LandAustralia
63.3%
SundayDominica
63.3%
Indian IslandsIndonesia
61.2%
Lion CitySingapore
56.1%
Cambyses' CountryCambodia
54.1%
Land below the Aegean SeaEgypt
51%
Etymology Country % Correct
Gilbert IslandsKiribati
46.9%
(The) Bearded OnesBarbados
44.9%
Land of the AryansIran
43.9%
Light StoneLiechtenstein
40.8%
Eastern Realm/EmpireAustria
39.8%
River of ShrimpsCameroon
34.7%
Land of Mussa Ben MbikiMozambique
30.6%
(Realm of) the Own PeopleSweden
19.4%
BorderlandUkraine
16.3%
Land of FarmersGeorgia
16.3%

You're not logged in!

Compare scores with friends on all Sporcle quizzes.
OR
Log In

You Might Also Like...

Show Comments

Extras

Top Quizzes Today


Score Distribution

Your Account Isn't Verified!

In order to create a playlist on Sporcle, you need to verify the email address you used during registration. Go to your Sporcle Settings to finish the process.

Report this User

Report this user for behavior that violates our Community Guidelines.

Details: